LEADER 04834nam 2200649 a 450 001 9910460112803321 005 20200520144314.0 010 $a1-283-33958-7 010 $a9786613339584 010 $a0-335-23929-3 035 $a(CKB)2670000000067282 035 $a(EBL)650319 035 $a(OCoLC)701704759 035 $a(SSID)ssj0000469208 035 $a(PQKBManifestationID)11319534 035 $a(PQKBTitleCode)TC0000469208 035 $a(PQKBWorkID)10508769 035 $a(PQKB)11189219 035 $a(MiAaPQ)EBC650319 035 $a(Au-PeEL)EBL650319 035 $a(CaPaEBR)ebr10441944 035 $a(CaONFJC)MIL333958 035 $a(EXLCZ)992670000000067282 100 $a20110307d2010 uy 0 101 0 $aeng 135 $aur|n|---||||| 181 $ctxt 182 $cc 183 $acr 200 10$aFirst steps in clinical supervision$b[electronic resource] $ea guide for healthcare professionals /$fPaul Cassedy 210 $aBerkshire, England $cOpen University Press$d2010 215 $a1 online resource (216 p.) 300 $aDescription based upon print version of record. 311 $a0-335-23651-0 320 $aIncludes bibliographical references and index. 327 $aFront cover; Half Title page; Title Page; Copyright page; Dedication; Contents; Acknowledgements; List of figures; 1 Introducing Clinical Supervision; Introduction; Are similar roles already in place?; Reaching a definition; Some background information; This supervisor's background; The name of clinical supervision; Supervision as a journey; Is supervision therapy?; Categorizing clinical supervision into functions; Benefits of clinical supervision; What are the reasons for becoming a supervisor?; Relevant collaboration with others; Training for clinical supervision; Conclusion 327 $a2 What to Cover at a First MeetingIntroduction; The purpose of a supervision contract; Negotiation of rights and responsibilities; Making contributions to the supervision relationship; Putting in a little extra; Getting started with the first meeting; What has brought us here? Expectations for supervision; Contracting for supervision: agreeing the practicalities; Note taking and record keeping; Introducing and making a contract; Conclusion; 3 Qualities for a Healthy Supervision Relationship; Introduction; The essence of a supervision relationship; Characteristics of a supervision relationship 327 $aPerson-centred theoryThe core conditions of helping and the supervision relationship; Self-awareness and the clinical supervisor; A self-awareness framework; Giving constructive feedback; Conclusion; 4 Three Functions of Clinical Supervision; Introduction; The normative function; The formative function; The restorative function; A balance of support and challenge; Changing supervisors; The three functions and research; Conclusion; 5 Active Listening and Responding Skills; Introduction; Listening as a supervisor; Core principles for effective listening in supervision 327 $aNon-verbal communication and listeningCombining non-verbal cues with the spoken word; Perceiving non-verbal communication; Getting ready to listen; The supervisor's toolbox of active listening skills; Conclusion; 6 Six-category Intervention Analysis; Introduction; The value of six-category intervention analysis to the clinical supervisor; The prescriptive category; The informative category; The confronting category; The cathartic category; The catalytic category; The supportive category; Six-category intervention analysis for clinical supervision 327 $aThe need to be aware of degenerative interventionsConclusion; 7 A Problem-solving Framework; Introduction; Reasons for a problem-solving model; Stage 1. The current scenario or problem situation; Stage 2. The preferred scenario; Stage 3. Action strategies; Some final thoughts; Conclusion; 8 Reflective Practice and the Supervisor; Introduction; Defining reflective practice; Reflective practice in clinical supervision; Reasons for a reflective framework; A model of reflection; Using reflective cycles and models together; Conclusion; Suggested further reading 327 $a9 Structuring and Evaluating Clinical Supervision Sessions 330 $aThis book is designed as a practical toolkit to aid those training to do clinical supervision or starting out as clinical supervisors. 606 $aNurses 606 $aMedical care$zGreat Britain 608 $aElectronic books. 615 0$aNurses. 615 0$aMedical care 676 $a362.173068 676 $a610/.76 700 $aCassedy$b Paul$0867351 801 0$bMiAaPQ 801 1$bMiAaPQ 801 2$bMiAaPQ 906 $aBOOK 912 $a9910460112803321 996 $aFirst steps in clinical supervision$91936048 997 $aUNINA LEADER 01052nam a2200289 i 4500 001 991001679079707536 005 20020507150446.0 008 000217s1988 it ||| | ita 020 $a8814014914 035 $ab11548265-39ule_inst 035 $aLE02723079$9ExL 040 $aDip.to Studi Giuridici$bita 082 0 $a346.450666 084 $aCM-XII/C 100 1 $aCarbonetti, Francesco$0115298 245 12$aL'acquisto di azioni proprie /$cFrancesco Carbonetti 260 $aMilano :$bA. Giuffrè,$c1988 300 $avii, 210 p. ;$c26 cm. 490 0 $aCollana della Rivista delle società, monografie e raccolte di studi ;$v14 650 4$aAziende e azionisti 650 4$aAzioni sociali - Negoziazione$xLegislazione 907 $a.b11548265$b01-03-17$c02-07-02 912 $a991001679079707536 945 $aLE027 CM-XII/C 64$g1$i2027000189144$lle027$o-$pE0.00$q-$rl$s- $t0$u3$v3$w3$x0$y.i11747663$z02-07-02 996 $aAcquisto di azioni proprie$9416977 997 $aUNISALENTO 998 $ale027$b01-01-00$cm$da $e-$fita$git $h2$i1